000 00316nam a2200133 a 4500
005 20140414132113.0
008 110805s19uu xx 00 eng d
050 _aER
_bB38 1985
100 _aAsch, Frank
245 _aBear Shadow.
260 _aNEw York :
_bScholastic,
_c1985.
999 _c114803
_d114803